Kabir ka rahasyavad (Record no. 148665)
[ view plain ]
| 000 -LEADER | |
|---|---|
| fixed length control field | 00616nam a2200217Ia 4500 |
| 003 - CONTROL NUMBER IDENTIFIER | |
| control field | OSt |
| 005 - DATE AND TIME OF LATEST TRANSACTION | |
| control field | 20260312154539.0 |
| 008 - FIXED-LENGTH DATA ELEMENTS--GENERAL INFORMATION | |
| fixed length control field | 210210b1951 xxu||||| |||| 00| 0 eng d |
| 040 ## - CATALOGING SOURCE | |
| Transcribing agency | AL |
| 041 ## - LANGUAGE CODE | |
| Language code of text/sound track or separate title | Hindi |
| 082 ## - DEWEY DECIMAL CLASSIFICATION NUMBER | |
| Classification number | 864/164 |
| 100 ## - MAIN ENTRY--PERSONAL NAME | |
| Personal name | VARMA (Ramakumar) |
| Dates associated with a name | वर्मा (रामकुमार) |
| 9 (RLIN) | 258651 |
| 245 ## - TITLE STATEMENT | |
| Title | Kabir ka rahasyavad |
| Remainder of title | कबीर का रहस्यवाद |
| 260 ## - PUBLICATION, DISTRIBUTION, ETC. | |
| Place of publication, distribution, etc. | Allahabad |
| Name of publisher, distributor, etc. | Sahitya Bhavan |
| Date of publication, distribution, etc. | 1951 |
| 650 ## - SUBJECT ADDED ENTRY--TOPICAL TERM | |
| Topical term or geographic name entry element | rahasyavad |
| 9 (RLIN) | 258652 |
| 650 ## - SUBJECT ADDED ENTRY--TOPICAL TERM | |
| Topical term or geographic name entry element | Kabir |
| 9 (RLIN) | 258653 |
| 650 ## - SUBJECT ADDED ENTRY--TOPICAL TERM | |
| Topical term or geographic name entry element | ka |
| 9 (RLIN) | 258654 |
| 690 ## - LOCAL SUBJECT ADDED ENTRY--TOPICAL TERM (OCLC, RLIN) | |
| Topical term or geographic name as entry element | Hindi Criticism |
| 9 (RLIN) | 258655 |
| 906 ## - LOCAL DATA ELEMENT F, LDF (RLIN) | |
| a | 023700 |
| 942 ## - ADDED ENTRY ELEMENTS (KOHA) | |
| Source of classification or shelving scheme | Dewey Decimal Classification |
| Koha item type | Book |
| Withdrawn status | Lost status | Source of classification or shelving scheme | Damaged status | Not for loan | Collection code | Home library | Current library | Shelving location | Date acquired | Cost, normal purchase price | Total Checkouts | Full call number | Barcode | Date last seen | Price effective from | Koha item type |
|---|---|---|---|---|---|---|---|---|---|---|---|---|---|---|---|---|
| Dewey Decimal Classification | Hindi | St Aloysius Library | St Aloysius Library | 02/17/2021 | 0.00 | 864/164 | 023700 | 02/17/2021 | 02/17/2021 | Book |